[Event "Pescara op 10th"]
[Site "Pescara"]
[Date "2007.11.18"]
[Round "5"]
[White "Orsini, Daniele"]
[Black "Di Lascio, Savino"]
[Result "1-0"]
[WhiteElo "1961"]
[BlackElo "2004"]
[PlyCount "69"]
[EventDate "2007.11.16"]
[EventType "swiss"]
[EventRounds "5"]
[EventCountry "ITA"]
[SourceTitle "EXT 2010"]
[Source "ChessBase"]
[SourceDate "2010.11.25"]
[SourceVersion "1"]
[SourceVersionDate "2010.11.25"]
[SourceQuality "1"]

1. e4 c6 2. d4 d5 3. exd5 cxd5 4. Bd3 Nc6 5. c3 g6 6. Nf3 Bg7 7. Bf4 Nh6 8. 0-0 0-0 9. Re1 f6 10. c4 Bg4 11. cxd5 Bxf3 12. Qxf3 Nxd4 13. Qe3 Nhf5 14. Bxf5 Nxf5 15. Qe6+ Rf7 16. Rd1 Bf8 17. Na3 Ng7 18. Qe2 g5 19. Be3 Nf5 20. Rac1 Nxe3 21. Qxe3 Bh6 22. Qh3 Kg7 23. Nb5 f5 24. Nc7 g4 25. Qh5 Rf6 26. Ne6+ Rxe6 27. dxe6 Bxc1 28. Rxd8 Rxd8 29. Qf7+ Kh6 30. g3 Bxb2 31. Qxe7 Rd1+ 32. Kg2 Bd4 33. Qb4 b6 34. e7 Bc5 35. Qf4+ 1-0